000 00595nam a2200193 i 4500
001 63874
003 ES-MaACL
005 20230906165005.0
007 t|
008 031217s1973 mx ||||1| spa d
100 1 _aFilisola, Vicente.
_950846
245 1 0 _aMemorias para la historia de la guerra de Tejas /
_cpor Vicente Filisola.
260 _aMéxico :
_bEditora Nacional,
_c1973.
300 _a2 v. ;
_c17 cm.
490 1 _aColección económica ;
_v614/615
830 0 _aColección económica ;
_v614/615
_9182564
852 _aES-MaACL
_jL-11971-2
_bR.114089
999 _c63874
_d63874